Hravá literatura 9 : pro 9. ročník ZŠ a víceletá gymnázia : v souladu s RVP /

Hlavní autor: Jindráčková, Michaela
Další autoři: Bartošíková, Kateřina, Fišerová, Marie, Havlíčková, Zdeňka, Králová, Veronika, Kyptová, Petra, Musilová, Jitka, Pavlíčková, Andrea, Pelešková, Jana, Pyszková, Pavlína
Jazyk: Čeština
Vydáno: Praha : Taktik, 2023
Vydání: 3. vydání
Témata:
Fyzický popis: 2 svazky : ilustrace (některé barevné), portréty ; 21-30 cm
Odebírané svazky: přehled dějin, pracovní sešit
Knihy
Uloženo v:
LEADER 03025nam a2200673 ia4500
001 nkc20233544951
003 CZ PrNK
005 20240122143903.0
007 ta
008 230824s2023 xr ac d p 000 0 cze
015 |a cnb003544951 
020 |a 978-80-7563-607-2  |q (přehled dějin ;  |q brožováno) 
020 |a 978-80-7563-606-5  |q (pracovní sešit ;  |q brožováno) 
035 |a (OCoLC)1396729737 
040 |a ABA001  |b cze  |e rda 
041 1 |a cze  |h mul 
072 7 |a 82  |x Literatura. Literární život  |2 Konspekt  |9 11 
072 7 |a 37.016  |x Učební osnovy. Vyučovací předměty. Učebnice  |2 Konspekt  |9 22 
080 |a 82:37.016  |2 MRF 
080 |a (075.2)  |2 MRF 
080 |a (075.3)  |2 MRF 
080 |a (076.1)  |2 MRF 
100 1 |a Jindráčková, Michaela  |7 jo2015883567  |4 aut 
245 1 0 |a Hravá literatura 9 :  |b pro 9. ročník ZŠ a víceletá gymnázia : v souladu s RVP /  |c autor: Michaela Jindráčková 
246 3 |a Literatura pro 9. ročník ZŠ a víceletá gymnázia 
246 3 0 |a Literatura 9 
250 |a 3. vydání 
264 1 |a Praha :  |b Taktik,  |c 2023 
300 |a 2 svazky :  |b ilustrace (některé barevné), portréty ;  |c 21-30 cm 
336 |a text  |b txt  |2 rdacontent 
337 |a bez média  |b n  |2 rdamedia 
338 |a svazek  |b nc  |2 rdacarrier 
500 |a Částečně přeloženo z různých jazyků 
500 |a Název z obálky 
504 |a Obsahuje bibliografii a bibliografické odkazy 
505 0 |a Přehled dějin literatury a literární teorie. 2023. 44 stran -- Pracovní sešit / autoři: Kateřina Bartošíková, Marie Fišerová, Zdeňka Havlíčková, Veronika Králová, Petra Kyptová, Jitka Musilová, Andrea Pavlíčková, Jana Pelešková, Pavlína Pyszková. 75 stran 
650 0 7 |a literární výchova  |7 ph117228  |2 czenas 
650 0 9 |a literary education  |2 eczenas 
655 7 |a učebnice základních škol  |7 fd133773  |2 czenas 
655 7 |a učebnice středních škol  |7 fd133771  |2 czenas 
655 7 |a pracovní sešity  |7 fd133116  |2 czenas 
655 9 |a textbooks (elementary)  |2 eczenas 
655 9 |a textbooks (secondary)  |2 eczenas 
655 9 |a activity books  |2 eczenas 
700 1 |a Bartošíková, Kateřina  |7 jo2016918243  |4 aut 
700 1 |a Fišerová, Marie  |7 jo2015883606  |4 aut 
700 1 |a Havlíčková, Zdeňka  |7 jo2016918228  |4 aut 
700 1 |a Králová, Veronika  |7 xx0206829  |4 aut 
700 1 |a Kyptová, Petra  |7 jo2016918217  |4 aut 
700 1 |a Musilová, Jitka  |7 jo2016918247  |4 aut 
700 1 |a Pavlíčková, Andrea  |7 mzk2015858689  |4 aut 
700 1 |a Pelešková, Jana  |7 xx0206828  |4 aut 
700 1 |a Pyszková, Pavlína  |7 xx0206827  |4 aut 
910 2 |a BOA001  |b 2-1513.616  |s přehled dějin, pracovní sešit 
990 |a BK 
995 |a 01 
991 |b 202401  |c NOV 
996 6 |b 2610948196  |c 2-1513.616  |d 1, přehled dějin  |v 1  |l MZK  |r Sklad / do 1 hodiny  |n 0  |p p.v.  |w 001938226  |u 000010  |a 1  |e BOA001  |j MZK50  |s P 
996 6 |b 2610958307  |c 2-1513.616  |d 2, pracovní sešit  |v 2  |l MZK  |r Sklad / do 1 hodiny  |n 0  |p p.v.  |w 001938226  |u 000020  |a 1  |e BOA001  |j MZK50  |s P